[Event "19. Torneo San Viator"]
[Site "Madrid ESP"]
[Date "2012.10.28"]
[Round "6.22"]
[White "Jimenez Elices, Jose Maria"]
[Black "Salgado Duarte, Pablo"]
[Result "1-0"]
[WhiteElo "1905"]
[BlackElo "1579"]
[PlyCount "35"]
[EventDate "2012.09.23"]
[EventType "swiss"]
[EventRounds "9"]
[EventCountry "ESP"]
[Source "lmi"]
[SourceDate "2012.09.23"]

1. e4 d6 2. d4 Nf6 3. Nc3 b6 4. Qf3 Bb7 5. Bg5 Nbd7 6. O-O-O e6 7. d5 Ne5 8.
Qg3 Be7 9. Bb5+ c6 10. dxc6 Nxc6 11. Bxf6 gxf6 12. Nf3 Bf8 13. e5 d5 14. exf6
Qd6 15. Ne5 Rc8 16. Rhe1 Bh6+ 17. Kb1 Kf8 18. Ng6+ 1-0

[Event "19. Torneo San Viator"]
[Site "Madrid ESP"]
[Date "2012.10.28"]
[Round "6.23"]
[White "Savchuk, Olga"]
[Black "Sierra Bermejo, Gregorio"]
[Result "1/2-1/2"]
[WhiteElo "1464"]
[BlackElo "1664"]
[PlyCount "113"]
[EventDate "2012.09.23"]
[EventType "swiss"]
[EventRounds "9"]
[EventCountry "ESP"]
[Source "lmi"]
[SourceDate "2012.09.23"]

1. e4 d5 2. exd5 Qxd5 3. Nc3 Qd8 4. d4 Nf6 5. Nf3 c6 6. Bc4 Bf5 7. O-O e6 8.
Bf4 Nbd7 9. Re1 Be7 10. Bd3 Bxd3 11. Qxd3 O-O 12. Ne4 Nxe4 13. Qxe4 Nf6 14. Qd3
Qb6 15. b3 Rfd8 16. Qe2 Nd5 17. Bg3 Bb4 18. Red1 Bd6 19. Bxd6 Rxd6 20. c4 Nc3
21. Qd3 Qb4 22. Rdc1 Nd5 23. cxd5 Rxd5 24. Rc4 Qd6 25. Qe3 Rh5 26. h3 Rd8 27.
Ne5 Rh6 28. Rd1 f6 29. Ng4 Rg6 30. Re1 f5 31. Ne5 Rf6 32. Qg5 Rdf8 33. Re3 f4
34. Rf3 Rf5 35. Qh4 R8f6 36. Rfc3 h5 37. f3 Rh6 38. Qf2 g5 39. b4 a6 40. a4
Rhf6 41. Qb2 Rf8 42. b5 axb5 43. axb5 c5 44. Nd3 cxd4 45. Rc1 e5 46. Rc7 e4 47.
fxe4 R5f7 48. Rxf7 Rxf7 49. Rc8+ Kg7 50. e5 Qd7 51. Rc4 f3 52. gxf3 Rxf3 53.
Rxd4 Qf7 54. Qc1 Rg3+ 55. Kh2 Qf3 56. Rd7+ Kg6 57. Rd6+ 1/2-1/2

[Event "19. Torneo San Viator"]
[Site "Madrid ESP"]
[Date "2012.10.28"]
[Round "6.24"]
[White "Castro Uceda, Jose Antonio"]
[Black "Jimenez Sanchez, Juan Daniel"]
[Result "1-0"]
[WhiteElo "1657"]
[BlackElo "1386"]
[PlyCount "81"]
[EventDate "2012.09.23"]
[EventType "swiss"]
[EventRounds "9"]
[EventCountry "ESP"]
[Source "lmi"]
[SourceDate "2012.09.23"]

1. d4 Nf6 2. c4 e6 3. Bg5 d5 4. e3 Nbd7 5. Nc3 Bb4 6. Nf3 h6 7. Bxf6 Nxf6 8.
Bd3 c5 9. O-O Bxc3 10. bxc3 b6 11. Re1 Bb7 12. Rb1 O-O 13. dxc5 dxc4 14. Be2
Bd5 15. cxb6 axb6 16. Rb2 Ne4 17. Qd4 Rb8 18. Bxc4 Bxc4 19. Qxc4 Rc8 20. Qxe4
Rxc3 21. Qd4 Qc8 22. h3 Rd8 23. Qxb6 Rc6 24. Qb7 Rc1 25. Qxc8 Rxe1+ 26. Nxe1
Rxc8 27. Nd3 Rd8 28. Rb3 g5 29. Kf1 Kg7 30. Ke2 Rc8 31. Rb2 f6 32. a4 e5 33. f3
Rc4 34. Ra2 Kg6 35. a5 e4 36. fxe4 Rxe4 37. a6 f5 38. g3 h5 39. a7 f4 40. gxf4
gxf4 41. Nxf4+ 1-0

[Event "19. Torneo San Viator"]
[Site "Madrid ESP"]
[Date "2012.10.28"]
[Round "6.25"]
[White "Moreno Sanchez, Guillermo"]
[Black "Cortijo Manso, Luis"]
[Result "1-0"]
[WhiteElo "1635"]
[BlackElo "1534"]
[PlyCount "71"]
[EventDate "2012.09.23"]
[EventType "swiss"]
[EventRounds "9"]
[EventCountry "ESP"]
[Source "lmi"]
[SourceDate "2012.09.23"]

1. d4 d5 2. c4 c6 3. Nc3 Nf6 4. Nf3 e6 5. Bg5 Nbd7 6. e3 Qa5 7. a3 Ne4 8. Qc1
dxc4 9. Bf4 b5 10. Be2 Ndf6 11. O-O Nxc3 12. Qxc3 Qxc3 13. bxc3 Nd5 14. Rfc1
Nxf4 15. exf4 Bd6 16. g3 Bb7 17. Rcb1 a6 18. Bxc4 c5 19. Be2 cxd4 20. Nxd4 O-O
21. Bf3 Bxf3 22. Nxf3 Rac8 23. Rc1 Rc4 24. Nd2 Rc6 25. a4 Rfc8 26. axb5 axb5
27. Kg2 Rxc3 28. Rxc3 Rxc3 29. Ne4 Ra3 30. Rb1 Bf8 31. Rxb5 h6 32. Rb8 g6 33.
g4 Kg7 34. g5 h5 35. Nf6 Bc5 36. Rg8# 1-0

[Event "19. Torneo San Viator"]
[Site "Madrid ESP"]
[Date "2012.10.28"]
[Round "6.27"]
[White "Perez Fajardo, Daniel"]
[Black "San Felipe Gonzalez, Tomas"]
[Result "0-1"]
[WhiteElo "1580"]
[BlackElo "1629"]
[PlyCount "54"]
[EventDate "2012.09.23"]
[EventType "swiss"]
[EventRounds "9"]
[EventCountry "ESP"]
[Source "lmi"]
[SourceDate "2012.09.23"]

1. d4 Nf6 2. c4 e5 3. dxe5 Ne4 4. Nf3 b6 5. Qd5 Bb7 6. Qxb7 Nc6 7. Qa6 Nc5 8.
Qa3 Nb4 9. Bd2 Nc2+ 10. Kd1 Nxa3 11. bxa3 a5 12. Nc3 d6 13. g3 dxe5 14. Nxe5
Qd4 15. Bg2 Rd8 16. Nf3 Qxc3 17. Rc1 Qxa3 18. Ne5 Rd6 19. Bd5 Rf6 20. Bg5 Rd6
21. Nxf7 Rxd5+ 22. cxd5 Kxf7 23. Bd8 Bd6 24. Bg5 Qxa2 25. h4 Re8 26. Be3 Qxd5+
27. Ke1 Qxh1+ 0-1

[Event "19. Torneo San Viator"]
[Site "Madrid ESP"]
[Date "2012.10.28"]
[Round "6.28"]
[White "Gil Calvente, Jose Antonio"]
[Black "Herreros Ruiz, Jorge Alejandro"]
[Result "1-0"]
[WhiteElo "1618"]
[BlackElo "1478"]
[PlyCount "51"]
[EventDate "2012.09.23"]
[EventType "swiss"]
[EventRounds "9"]
[EventCountry "ESP"]
[Source "lmi"]
[SourceDate "2012.09.23"]

1. e4 c6 2. d4 d5 3. Nc3 dxe4 4. Nxe4 Bf5 5. Ng3 Bg6 6. Bd3 Qxd4 7. Nf3 Qd8 8.
O-O Bxd3 9. cxd3 e6 10. Re1 Bd6 11. Nf5 g6 12. Ng7+ Kf8 13. Nxe6+ fxe6 14. Rxe6
Ne7 15. Qb3 Qc7 16. Rf6+ Ke8 17. Qf7+ Kd8 18. Bd2 Nd7 19. Re6 Nc5 20. Nd4 Be5
21. Re1 Bd6 22. Bf4 Bxf4 23. Rxe7 Qxe7 24. Qxe7+ Kc8 25. Qxc5 Kc7 26. Ne6+ 1-0

[Event "19. Torneo San Viator"]
[Site "Madrid ESP"]
[Date "2012.10.28"]
[Round "6.31"]
[White "Jimenez Perez, Federico"]
[Black "Martin Rodriguez, Jose L"]
[Result "0-1"]
[WhiteElo "1280"]
[BlackElo "1431"]
[PlyCount "116"]
[EventDate "2012.09.23"]
[EventType "swiss"]
[EventRounds "9"]
[EventCountry "ESP"]
[Source "lmi"]
[SourceDate "2012.09.23"]

1. e4 e6 2. d4 d5 3. e5 c5 4. c3 Nc6 5. Nf3 Qb6 6. Bd3 cxd4 7. cxd4 Bd7 8. Bc2
Nb4 9. O-O Nxc2 10. Qxc2 Rc8 11. Nc3 Ne7 12. Qd2 Nf5 13. Qf4 Bb4 14. Bd2 O-O
15. a3 Be7 16. b4 Rc4 17. Ne2 Rfc8 18. Rfc1 Rxc1+ 19. Rxc1 Rxc1+ 20. Bxc1 a5
21. h4 axb4 22. axb4 Qxb4 23. Kh2 Qc4 24. Ng3 Nxg3 25. fxg3 Qd3 26. g4 Qe4 27.
Qg3 b5 28. g5 Qg6 29. Qg4 h5 30. Qg3 Qe4 31. Bf4 Qf5 32. Nd2 g6 33. Nb3 Qc2 34.
Qf3 b4 35. Bd2 Ba4 36. Bxb4 Bxb4 37. Nc5 Bxc5 38. dxc5 Qxc5 39. Qf6 Qc7 40. Qf4
Be8 41. Qe3 Qc4 42. Qf3 Qe4 43. Qf6 Qf5 44. Qd8 Kf8 45. Qd6+ Kg7 46. Qe7 Qxe5+
47. Kh1 Bb5 48. Qf6+ Qxf6 49. gxf6+ Kf8 50. Kg1 Ke8 51. Kf2 Kd7 52. Ke3 Kc6 53.
Kf4 Kd6 54. g4 hxg4 55. Kxg4 Ke5 56. Kg5 d4 57. h5 gxh5 58. Kxh5 Kxf6 0-1

[Event "19. Torneo San Viator"]
[Site "Madrid ESP"]
[Date "2012.11.04"]
[Round "7.1"]
[White "Bote Alvarez-Carrasco, Valentin"]
[Black "Plazuelo Pascual, Juan"]
[Result "1/2-1/2"]
[WhiteElo "2130"]
[BlackElo "1721"]
[PlyCount "77"]
[EventDate "2012.09.23"]
[EventType "swiss"]
[EventRounds "9"]
[EventCountry "ESP"]
[Source "lmi"]
[SourceDate "2012.09.23"]

1. Nf3 d5 2. d4 Nf6 3. c4 e6 4. g3 dxc4 5. Bg2 a6 6. a4 c5 7. Qc2 Nc6 8. dxc5
Bxc5 9. Qxc4 Qb6 10. O-O Na5 11. Qc2 Nb3 12. Ra2 Nxc1 13. Qxc1 Ng4 14. Qe1 O-O
15. h3 Nf6 16. Nbd2 Rd8 17. Qc1 Bd7 18. b3 Rac8 19. Rc2 Ba3 20. Qb1 Rxc2 21.
Qxc2 Rc8 22. Nc4 Qc5 23. Qa2 Bb4 24. Nfe5 b5 25. Nd3 Qd4 26. axb5 axb5 27. Nxb4
bxc4 28. bxc4 Qxc4 29. Qxc4 Rxc4 30. Rb1 h6 31. f4 Ne4 32. Bxe4 Rxe4 33. Kf2 e5
34. Nd3 exf4 35. Nxf4 Re8 36. Rb6 Bf5 37. h4 Bg4 38. e3 Bf5 39. Rb2 1/2-1/2

[Event "19. Torneo San Viator"]
[Site "Madrid ESP"]
[Date "2012.11.04"]
[Round "7.3"]
[White "Cano Cabanillas, Javier"]
[Black "Lianes Garcia, Marcos"]
[Result "0-1"]
[WhiteElo "2027"]
[BlackElo "1627"]
[PlyCount "110"]
[EventDate "2012.09.23"]
[EventType "swiss"]
[EventRounds "9"]
[EventCountry "ESP"]
[Source "lmi"]
[SourceDate "2012.09.23"]

1. e4 d6 2. d4 Nf6 3. Nc3 e5 4. Nge2 g6 5. h3 Bg7 6. Be3 O-O 7. g4 Re8 8. Bg2
Nc6 9. d5 Ne7 10. Ng3 b6 11. Qd2 a5 12. a4 Nd7 13. h4 Nf8 14. Bh3 Bd7 15. h5
Qc8 16. f3 Qd8 17. Bh6 c6 18. Bxg7 Kxg7 19. dxc6 Bxc6 20. O-O-O Nc8 21. Bf1 Qe7
22. hxg6 hxg6 23. Bc4 Ra7 24. Rh2 Qf6 25. Qg2 Rc7 26. Bb5 Ne7 27. Kb1 Rec8 28.
Ba6 Ra8 29. Bc4 Rac8 30. g5 Qf4 31. Rxd6 Bxa4 32. Rf6 Qe3 33. Rxf7+ Kg8 34. Nd1
Qd4 35. Rxe7+ Rxc4 36. Nc3 Rxc3 37. bxc3 Qxc3 38. Qd2 Bxc2+ 39. Qxc2 Qe1+ 40.
Kb2 Rxc2+ 41. Rxc2 Qxg3 42. Rcc7 Qxf3 43. Rg7+ Kh8 44. Rgf7 Qe2+ 45. Kc1 Qe1+
46. Kb2 Qb4+ 47. Kc2 Qxe4+ 48. Kd1 Qb4 49. Kc2 e4 50. Rc8 Kg8 51. Rcc7 a4 52.
Rg7+ Kh8 53. Rge7 a3 54. Ra7 Qb2+ 55. Kd1 a2 0-1

[Event "19. Torneo San Viator"]
[Site "Madrid ESP"]
[Date "2012.11.04"]
[Round "7.4"]
[White "Rodriguez Sanchez, Roberto"]
[Black "Sanchez Lopez, Maria"]
[Result "1-0"]
[WhiteElo "1953"]
[BlackElo "1873"]
[PlyCount "79"]
[EventDate "2012.09.23"]
[EventType "swiss"]
[EventRounds "9"]
[EventCountry "ESP"]
[Source "lmi"]
[SourceDate "2012.09.23"]

1. d4 Nf6 2. Nf3 g6 3. g3 Bg7 4. Bg2 d6 5. O-O O-O 6. Nc3 Nc6 7. d5 Nb8 8. Nd4
h6 9. e4 e5 10. dxe6 fxe6 11. Kh1 e5 12. Nde2 Be6 13. f3 Nc6 14. Be3 Qd7 15.
Qd2 Kh7 16. Rad1 a6 17. g4 b5 18. b3 Ne7 19. Ng3 Rad8 20. Qc1 c6 21. a4 d5 22.
axb5 axb5 23. exd5 cxd5 24. Nce4 Qc7 25. Nxf6+ Rxf6 26. Bxh6 Bxh6 27. g5 Bxg5
28. Qxg5 Rf7 29. Rfe1 Nc6 30. c4 bxc4 31. bxc4 dxc4 32. Ne4 Rxd1 33. Rxd1 Kg7
34. Nd6 Rf8 35. f4 exf4 36. Be4 Bf7 37. Nf5+ Kg8 38. Qh6 Be8 39. Bd5+ Rf7 40.
Qg7# 1-0

[Event "19. Torneo San Viator"]
[Site "Madrid ESP"]
[Date "2012.11.04"]
[Round "7.5"]
[White "Morona Minguez, Irene"]
[Black "Sierra Soria, Maria"]
[Result "0-1"]
[WhiteElo "1952"]
[BlackElo "1795"]
[PlyCount "52"]
[EventDate "2012.09.23"]
[EventType "swiss"]
[EventRounds "9"]
[EventCountry "ESP"]
[Source "lmi"]
[SourceDate "2012.09.23"]

1. e4 e5 2. Nf3 Nc6 3. Bb5 a6 4. Ba4 Nf6 5. O-O Nxe4 6. d4 b5 7. Bb3 d5 8. dxe5
Be6 9. Nbd2 Nc5 10. Re1 Be7 11. Nf1 O-O 12. Bf4 Nxb3 13. axb3 Qd7 14. Qd2 f6
15. Rad1 Rae8 16. c4 Bb4 17. Qd3 Bxe1 18. cxd5 Nb4 19. Qe4 Bxf2+ 20. Kxf2 Nxd5
21. Ne3 c6 22. exf6 Nxf6 23. Qc2 Qc8 24. Kg1 Ng4 25. Nxg4 Bxg4 26. Ng5 Qf5 0-1

[Event "19. Torneo San Viator"]
[Site "Madrid ESP"]
[Date "2012.11.04"]
[Round "7.7"]
[White "Pindado Campos, Raul"]
[Black "Hernandez Mateo, Borja"]
[Result "0-1"]
[WhiteElo "1928"]
[BlackElo "1719"]
[PlyCount "68"]
[EventDate "2012.09.23"]
[EventType "swiss"]
[EventRounds "9"]
[EventCountry "ESP"]
[Source "lmi"]
[SourceDate "2012.09.23"]

1. d4 d5 2. c4 e6 3. Nc3 Nf6 4. Bg5 Be7 5. e3 Nbd7 6. Nf3 O-O 7. Bd3 dxc4 8.
Bxc4 b6 9. Qc2 Bb7 10. Bd3 Rc8 11. Bxf6 Nxf6 12. Ng5 h6 13. Nge4 Nxe4 14. Bxe4
Bxe4 15. Qxe4 c5 16. Rd1 cxd4 17. exd4 Bb4 18. Rd3 Qg5 19. O-O Qa5 20. Qf3 Bxc3
21. bxc3 Qxa2 22. Qg4 Qd5 23. Rg3 g6 24. f4 Rxc3 25. Rd1 Rxg3 26. Qxg3 Rc8 27.
h3 Qe4 28. Kh2 Rc4 29. Qf2 Kg7 30. h4 b5 31. Kh1 Qc2 32. Rd2 Qb1+ 33. Kh2 Rc1
34. Qg3 Rh1# 0-1

[Event "19. Torneo San Viator"]
[Site "Madrid ESP"]
[Date "2012.11.04"]
[Round "7.8"]
[White "Garcia Sanjuan, Jose"]
[Black "Al-Zarif Zabala, Bassam"]
[Result "0-1"]
[WhiteElo "1905"]
[BlackElo "1768"]
[PlyCount "84"]
[EventDate "2012.09.23"]
[EventType "swiss"]
[EventRounds "9"]
[EventCountry "ESP"]
[Source "lmi"]
[SourceDate "2012.09.23"]

1. g3 Nf6 2. Bg2 d5 3. c4 e5 4. Nc3 d4 5. Ne4 Nxe4 6. Bxe4 f5 7. Bg2 d3 8. e4
Nc6 9. exf5 Bxf5 10. Bxc6+ bxc6 11. Qf3 Qd7 12. Qe3 Be7 13. Nf3 e4 14. Nh4 O-O
15. Nxf5 Qxf5 16. O-O Bc5 17. Qe1 Rf7 18. b4 Bd4 19. Rb1 Raf8 20. Bb2 Bxf2+ 21.
Rxf2 Qxf2+ 22. Qxf2 Rxf2 23. Bc3 a6 24. a4 h5 25. b5 cxb5 26. cxb5 axb5 27.
Rxb5 Rf1+ 28. Kg2 R8f2+ 29. Kh3 Rh1 30. Kh4 Rhxh2+ 31. Kg5 Rxd2 32. Kg6 Kf8 33.
Bxg7+ Ke7 34. Re5+ Kd7 35. Rxe4 c5 36. Re5 Kc6 37. Bf8 Rc2 38. Re6+ Kd5 39.
Rd6+ Kc4 40. a5 d2 41. a6 Ra2 42. Bh6 Rxa6 0-1

[Event "19. Torneo San Viator"]
[Site "Madrid ESP"]
[Date "2012.11.04"]
[Round "7.9"]
[White "Ore Leon, Gustavo"]
[Black "Barahona Torrijos, Angel"]
[Result "0-1"]
[WhiteElo "1812"]
[BlackElo "1893"]
[PlyCount "74"]
[EventDate "2012.09.23"]
[EventType "swiss"]
[EventRounds "9"]
[EventCountry "ESP"]
[Source "lmi"]
[SourceDate "2012.09.23"]

1. e4 e5 2. Nf3 Nc6 3. Bb5 a6 4. Ba4 Nf6 5. O-O Be7 6. Re1 b5 7. Bb3 Bb7 8. d3
O-O 9. Nbd2 d5 10. exd5 Nxd5 11. Nxe5 Nxe5 12. Rxe5 Nf4 13. Nf3 Ng6 14. Re1 Nh4
15. Nxh4 Bxh4 16. Bf4 Qf6 17. g3 Qc6 18. Re4 Kh8 19. f3 Bf6 20. c3 Qd7 21. Re3
g5 22. Be5 Bxe5 23. Rxe5 f6 24. Re1 Rae8 25. Rf1 g4 26. d4 Bxf3 27. Rxf3 gxf3
28. Qxf3 Qe7 29. Qc6 Qe3+ 30. Kf1 f5 31. Bd5 f4 32. Kg2 Qe2+ 33. Kg1 fxg3 34.
hxg3 Qf2+ 35. Kh1 Re2 36. Bg2 Rf6 37. Rf1 Qxf1+ 0-1

[Event "19. Torneo San Viator"]
[Site "Madrid ESP"]
[Date "2012.11.04"]
[Round "7.10"]
[White "Camara Cozar, David"]
[Black "Padin Lazaro, Jose Manuel"]
[Result "1-0"]
[WhiteElo "2077"]
[BlackElo "1806"]
[PlyCount "127"]
[EventDate "2012.09.23"]
[EventType "swiss"]
[EventRounds "9"]
[EventCountry "ESP"]
[Source "lmi"]
[SourceDate "2012.09.23"]

1. e4 e6 2. d4 d5 3. Nc3 Nf6 4. Bg5 Bb4 5. e5 h6 6. Bd2 Bxc3 7. Bxc3 Ne4 8. Bd3
Nxc3 9. bxc3 c5 10. f4 Nc6 11. Nf3 c4 12. Be2 Qa5 13. Qd2 b5 14. O-O Bd7 15.
Kh1 Qb6 16. Qe3 Ne7 17. Nh4 g6 18. g4 Qd8 19. Qf2 Rb8 20. Rab1 a5 21. a3 Nc6
22. f5 g5 23. fxe6 Bxe6 24. Nf5 Bxf5 25. gxf5 f6 26. Bh5+ Kf8 27. Qe3 Kg7 28.
Rfe1 Rf8 29. e6 Ne7 30. Qf3 Qd6 31. Ra1 Rfd8 32. Qh3 Qc6 33. Bf3 Qe8 34. Rab1
Qc6 35. Rf1 Qe8 36. Bg2 Qc6 37. Qf3 Qd6 38. Qh3 Qc6 39. Qe3 Qe8 40. Rf3 Qc6 41.
Qe2 Rh8 42. Rbf1 Qe8 43. Rh3 Qc6 44. Qh5 Qe8 45. Qg4 Qc6 46. Re1 Qe8 47. Qg3
Qc6 48. Qf3 Qe8 49. Re5 Rd8 50. Re3 Qc6 51. Re1 Rb8 52. Qg4 Qe8 53. Rg3 Qc6 54.
Kg1 Qe8 55. Qf3 Qc6 56. h4 Rbf8 57. Rf1 Kg8 58. Bh3 Rh7 59. Bg4 Qe8 60. Bh5 Qb8
61. Rg2 Rg7 62. Bf7+ Kh8 63. Qh5 Rh7 64. Bg6 1-0

[Event "19. Torneo San Viator"]
[Site "Madrid ESP"]
[Date "2012.11.04"]
[Round "7.11"]
[White "Cabanas Bravo, Juan Andres"]
[Black "Rodriguez Alonso, Marcos"]
[Result "1-0"]
[WhiteElo "2070"]
[BlackElo "1596"]
[PlyCount "49"]
[EventDate "2012.09.23"]
[EventType "swiss"]
[EventRounds "9"]
[EventCountry "ESP"]
[Source "lmi"]
[SourceDate "2012.09.23"]

1. e4 e5 2. c3 Nc6 3. d4 d6 4. f4 Nf6 5. Nf3 Qe7 6. d5 Nd8 7. f5 c6 8. dxc6
Nxc6 9. Bg5 h6 10. Bh4 Qd8 11. Bxf6 Qxf6 12. Qd5 Bd7 13. Nbd2 Rb8 14. O-O-O Ne7
15. Qa5 Nc6 16. Qd5 Ne7 17. Qd3 Bc6 18. Nc4 Nc8 19. h4 h5 20. Be2 Bb5 21. Nxd6+
Nxd6 22. Qxb5+ Nxb5 23. Bxb5+ Ke7 24. Rd7+ Ke8 25. Rhd1 1-0

[Event "19. Torneo San Viator"]
[Site "Madrid ESP"]
[Date "2012.11.04"]
[Round "7.14"]
[White "Rodriguez Sebastian, Roberto"]
[Black "Cazorla Munoz, Francisco"]
[Result "1/2-1/2"]
[WhiteElo "1650"]
[BlackElo "1764"]
[PlyCount "122"]
[EventDate "2012.09.23"]
[EventType "swiss"]
[EventRounds "9"]
[EventCountry "ESP"]
[Source "lmi"]
[SourceDate "2012.09.23"]

1. e4 e5 2. Nf3 Nf6 3. Nc3 d6 4. Be2 b6 5. d4 exd4 6. Nxd4 Be7 7. O-O O-O 8.
Bf3 c6 9. Bf4 Nfd7 10. Nf5 Ne5 11. Bxe5 dxe5 12. Qxd8 Bxd8 13. Rad1 g6 14. Nd6
Be6 15. Rd3 Nd7 16. Rfd1 Nc5 17. R3d2 Bg5 18. Re2 Rfd8 19. h3 Rd7 20. Bg4 Rad8
21. Bxe6 fxe6 22. b4 Nb7 23. Nxb7 Rxd1+ 24. Kh2 R1d7 25. Nxd8 Rxd8 26. a3 Rd4
27. Nb1 Kf7 28. g3 h5 29. h4 Bh6 30. f3 Ke7 31. Kg2 Kd6 32. Kf2 c5 33. Nc3 a6
34. bxc5+ Kxc5 35. Ke1 Kc4 36. Nb1 Bc1 37. Nd2+ Kc3 38. Nb3 Bxa3 39. Re3+ Kc4
40. Nd2+ Rxd2 41. Kxd2 Bb4+ 42. c3 Bc5 43. Rd3 a5 44. Kc2 a4 45. g4 Bf2 46.
gxh5 gxh5 47. Rd6 Bxh4 48. Rxb6 Bg3 49. Rxe6 h4 50. Rh6 Bf2 51. Rh5 Bg3 52. Rh8
Bf2 53. Ra8 Kb5 54. Kb2 Bc5 55. Rh8 Bf2 56. Rh5 Bg3 57. Rh7 Bf2 58. Rh8 Kc4 59.
Ra8 Kb5 60. Ka3 Bc5+ 61. Kb2 Bf2 1/2-1/2

[Event "19. Torneo San Viator"]
[Site "Madrid ESP"]
[Date "2012.11.04"]
[Round "7.15"]
[White "Martin Garcia, Francisco Javier"]
[Black "Jimenez Elices, Jose Maria"]
[Result "1-0"]
[WhiteElo "1609"]
[BlackElo "1905"]
[PlyCount "64"]
[EventDate "2012.09.23"]
[EventType "swiss"]
[EventRounds "9"]
[EventCountry "ESP"]
[Source "lmi"]
[SourceDate "2012.09.23"]

1. d4 d5 2. Nf3 Nf6 3. c4 e6 4. g3 Be7 5. Bg2 O-O 6. O-O Nc6 7. cxd5 exd5 8.
Nc3 Ne4 9. Bf4 Nxc3 10. bxc3 g5 11. Bc1 Bf6 12. Nd2 Bf5 13. Re1 Re8 14. Qb3 Na5
15. Qxd5 Qxd5 16. Bxd5 c5 17. Bb2 Rad8 18. e4 Bg6 19. Nb3 Nxb3 20. axb3 b6 21.
Bc6 Re6 22. Bd5 Re7 23. Kf1 a5 24. dxc5 Rxd5 25. exd5 Bd3+ 26. Kg1 Rxe1+ 27.
Rxe1 bxc5 28. d6 Bb5 29. c4 Bxb2 30. cxb5 c4 31. bxc4 Kf8 32. d7 Bf6 1-0

[Event "19. Torneo San Viator"]
[Site "Madrid ESP"]
[Date "2012.11.04"]
[Round "7.16"]
[White "Rendo Quiros, Pedro"]
[Black "Garcia Otero, Pedro"]
[Result "0-1"]
[WhiteElo "1630"]
[BlackElo "1733"]
[PlyCount "68"]
[EventDate "2012.09.23"]
[EventType "swiss"]
[EventRounds "9"]
[EventCountry "ESP"]
[Source "lmi"]
[SourceDate "2012.09.23"]

1. e4 d5 2. exd5 Qxd5 3. Nc3 Qe5+ 4. Qe2 Qxe2+ 5. Bxe2 c6 6. Nf3 Bf5 7. d3 e6
8. Nh4 Bg6 9. Nxg6 hxg6 10. Bf3 Bd6 11. g3 Nf6 12. d4 Nbd7 13. Be3 Nb6 14. b3
Bb4 15. Kd2 Nbd5 16. Kd3 Bxc3 17. Rab1 O-O-O 18. Bg5 e5 19. Bxd5 Nxd5 20. Bxd8
Rxd8 21. dxe5 Bxe5 22. Kc4 Nb6+ 23. Kb4 Rd2 24. f4 Nd5+ 25. Ka3 Bc3 26. Rbc1
Nb4 27. h4 Nxc2+ 28. Rxc2 Rxc2 29. b4 Rg2 30. h5 gxh5 31. Rxh5 Rxg3 32. Rh8+
Kc7 33. Rf8 Ba1+ 34. Ka4 b5+ 0-1

[Event "19. Torneo San Viator"]
[Site "Madrid ESP"]
[Date "2012.11.04"]
[Round "7.17"]
[White "San Felipe Gonzalez, Tomas"]
[Black "Del Castillo Lopez, Rafael"]
[Result "1/2-1/2"]
[WhiteElo "1629"]
[BlackElo "1729"]
[PlyCount "108"]
[EventDate "2012.09.23"]
[EventType "swiss"]
[EventRounds "9"]
[EventCountry "ESP"]
[Source "lmi"]
[SourceDate "2012.09.23"]

1. Nf3 Nf6 2. c4 c5 3. Nc3 Nc6 4. d4 cxd4 5. Nxd4 Nxd4 6. Qxd4 e6 7. Bg5 Be7 8.
e4 O-O 9. Be2 b6 10. Bf3 Rb8 11. Rd1 Nd5 12. Bxe7 Nxe7 13. O-O a6 14. Qd6 Rb7
15. Na4 Nc6 16. e5 Qc7 17. Bxc6 Qxc6 18. Qxc6 dxc6 19. Rd6 b5 20. Nc5 Rc7 21.
cxb5 axb5 22. Rfd1 f6 23. Nxe6 Bxe6 24. Rxe6 fxe5 25. Rxe5 Ra8 26. a3 c5 27.
Rc1 Rac8 28. Kf1 b4 29. Rc4 bxa3 30. bxa3 Ra7 31. a4 Rca8 32. Rexc5 Rxa4 33.
Rxa4 Rxa4 34. Rc7 Ra2 35. g4 h6 36. Kg2 Ra3 37. h4 Kh7 38. h5 Kg8 39. f3 Kf8
40. Kg3 Ra4 41. Kf2 Ra3 42. f4 Kg8 43. Re7 Kf8 44. Re3 Ra4 45. Kf3 Kf7 46. f5
Kf6 47. Re4 Ra1 48. Re6+ Kf7 49. Rg6 Re1 50. Kf2 Re8 51. g5 hxg5 52. Rxg5 Kf6
53. Rg6+ Kxf5 54. Rxg7 Rh8 1/2-1/2

[Event "19. Torneo San Viator"]
[Site "Madrid ESP"]
[Date "2012.11.04"]
[Round "7.19"]
[White "Perez Perez, Elena"]
[Black "Gil Calvente, Jose Antonio"]
[Result "1-0"]
[WhiteElo "1678"]
[BlackElo "1618"]
[PlyCount "29"]
[EventDate "2012.09.23"]
[EventType "swiss"]
[EventRounds "9"]
[EventCountry "ESP"]
[Source "lmi"]
[SourceDate "2012.09.23"]

1. e4 c5 2. Nf3 d6 3. d4 cxd4 4. Nxd4 a6 5. Nc3 Nf6 6. Be3 e5 7. Nb3 Be6 8. f3
h5 9. Qd2 Nc6 10. O-O-O Na5 11. Nd5 Nxb3+ 12. axb3 Nxd5 13. exd5 Bf5 14. Qb4 b5
15. Bd3 1-0

[Event "19. Torneo San Viator"]
[Site "Madrid ESP"]
[Date "2012.11.04"]
[Round "7.20"]
[White "Pindado Del Carmen, Eliseo"]
[Black "Castro Uceda, Jose Antonio"]
[Result "1/2-1/2"]
[WhiteElo "1556"]
[BlackElo "1657"]
[PlyCount "117"]
[EventDate "2012.09.23"]
[EventType "swiss"]
[EventRounds "9"]
[EventCountry "ESP"]
[Source "lmi"]
[SourceDate "2012.09.23"]

1. Nf3 Nf6 2. g3 b6 3. Bg2 Bb7 4. O-O e6 5. d3 Be7 6. c4 O-O 7. Nc3 c5 8. Rb1
a6 9. a3 Qc7 10. b4 cxb4 11. axb4 d5 12. Bf4 Bd6 13. Bxd6 Qxd6 14. Qb3 Nbd7 15.
Na4 dxc4 16. dxc4 Rab8 17. Rfd1 Qc6 18. b5 Qe4 19. Qd3 Qxd3 20. exd3 axb5 21.
Rxb5 Bc6 22. Rb4 Bxa4 23. Rxa4 b5 24. cxb5 Rxb5 25. Nd4 Rb2 26. Rda1 Nc5 27.
R4a3 Rd2 28. Nc6 Rxd3 29. Ra8 g6 30. Rxf8+ Kxf8 31. Ra8+ Kg7 32. Ne5 Rd1+ 33.
Bf1 Nfe4 34. Kg2 Rd2 35. Bc4 Rxf2+ 36. Kg1 Rf5 37. Nc6 Rf3 38. Ra7 Rc3 39. Ba2
Ng5 40. Nd8 Rd3 41. Nc6 Nf3+ 42. Kg2 h5 43. Bc4 Rc3 44. Ba2 h4 45. Nd8 Ne5 46.
Nxe6+ Nxe6 47. Bxe6 hxg3 48. hxg3 Kf6 49. Ba2 Rc2+ 50. Kf1 g5 51. Ra6+ Ke7 52.
Ra7+ Nd7 53. Bxf7 Kxf7 54. Rxd7+ Kf6 55. Rd5 g4 56. Ra5 Rc3 57. Kf2 Rc2+ 58.
Ke3 Rc3+ 59. Kf2 1/2-1/2

[Event "19. Torneo San Viator"]
[Site "Madrid ESP"]
[Date "2012.11.04"]
[Round "7.21"]
[White "Gonzalez Reyes, Felix"]
[Black "Moreno Sanchez, Guillermo"]
[Result "1/2-1/2"]
[WhiteElo "1728"]
[BlackElo "1635"]
[PlyCount "83"]
[EventDate "2012.09.23"]
[EventType "swiss"]
[EventRounds "9"]
[EventCountry "ESP"]
[Source "lmi"]
[SourceDate "2012.09.23"]

1. b3 c5 2. Bb2 d6 3. Nf3 e6 4. e4 a6 5. d4 cxd4 6. Nxd4 b5 7. Bd3 Bb7 8. O-O
Nf6 9. Re1 Nbd7 10. c4 bxc4 11. bxc4 Qb6 12. Qb3 Qc7 13. Nd2 Nc5 14. Qc2 Nxd3
15. Qxd3 Be7 16. h3 O-O 17. Re3 Nd7 18. Rg3 Bf6 19. Rb1 Rab8 20. Qe3 g6 21. Qf3
Bh4 22. Ne2 Bxg3 23. Nxg3 e5 24. h4 Qa5 25. Rd1 f5 26. h5 fxe4 27. Qg4 Bc8 28.
hxg6 h6 29. Nf5 Nf6 30. Nxh6+ Kg7 31. Nf5+ Bxf5 32. Qxf5 Rxb2 33. Nxe4 Nxe4 34.
Qd7+ Kf6 35. Rxd6+ Nxd6 36. Qxd6+ Kf5 37. g7 Rg8 38. Qf8+ Rxf8 39. gxf8=Q+ Ke4
40. Qf3+ Kd4 41. Qe3+ Kxc4 42. Qe4+ 1/2-1/2